[Event "FRA-ch U18"]
[Site "Agen"]
[Date "2023.04.24"]
[Round "2"]
[White "Douchez, Tony"]
[Black "Meillon, Judicael"]
[Result "0-1"]
[WhiteElo "1838"]
[BlackElo "2273"]
[PlyCount "82"]
[EventDate "2023.04.23"]
[EventType "swiss"]
[EventRounds "9"]
[EventCountry "FRA"]
[SourceTitle "CBM 214 Extra"]
[Source "ChessBase"]
[SourceDate "2023.07.31"]
[SourceVersion "1"]
[SourceVersionDate "2023.07.31"]
[SourceQuality "1"]

1. b4 d5 2. Bb2 Bg4 3. h3 Bh5 4. Nf3 Bxf3 5. gxf3 Nf6 6. c4 e6 7. cxd5 exd5 8. Qb3 Nc6 9. a3 a5 10. b5 a4 11. Qe3+ Ne7 12. Bxf6 gxf6 13. d4 c6 14. Qd3 Qa5+ 15. Nc3 Rg8 16. e3 Nf5 17. Kd2 Nd6 18. Qxh7 Rg7 19. Qh4 Rg5 20. bxc6 Rc8 21. Bd3 Rxc6 22. Rhc1 Rg2 23. Rc2 Bh6 24. Qxh6 Rxf2+ 25. Be2 Rxc3 26. Rxc3 Nc4+ 27. Ke1 Rxe2+ 28. Kxe2 Qxc3 29. Ra2 Qb3 30. Rd2 Nxd2 31. Kxd2 Qb2+ 32. Kd1 Qxa3 33. Qf4 Qb3+ 34. Kd2 a3 35. Qxf6 a2 36. Qe5+ Kd7 37. Qf5+ Kc7 38. Qe5+ Kb6 39. Qd6+ Ka7 40. Qc5+ Ka6 41. Qd6+ Qb6 0-1

[Event "C'Chartres Blitz op April"]
[Site "Europe Echecs INT"]
[Date "2021.04.10"]
[Round "3"]
[White "Bernabe, Laurent"]
[Black "Douchez, Tony"]
[Result "1-0"]
[WhiteElo "1265"]
[BlackElo "1674"]
[PlyCount "73"]
[EventDate "2021.04.10"]
[EventType "swiss (blitz)"]
[EventRounds "11"]
[EventCountry "FRA"]
[SourceTitle "CBM 201 Extra"]
[Source "ChessBase"]
[SourceDate "2021.05.31"]
[SourceVersion "1"]
[SourceVersionDate "2021.05.31"]
[SourceQuality "1"]

1. e4 e5 2. Nf3 Nc6 3. Bc4 Bc5 4. d3 Nf6 5. Be3 d6 6. Bxc5 dxc5 7. 0-0 Bg4 8. h3 Bh5 9. c3 0-0 10. Nbd2 a6 11. a3 Nd7 12. Qc2 Nb6 13. Ba2 Qd7 14. Ng5 h6 15. Ngf3 Rad8 16. g4 Bg6 17. Nh4 Bh7 18. Nf5 Bxf5 19. exf5 Qxd3 20. Qxd3 Rxd3 21. Ne4 c4 22. f6 Rfd8 23. fxg7 Kxg7 24. f4 Rxh3 25. fxe5 Nxe5 26. g5 hxg5 27. Kg2 Rh4 28. Ng3 Rd2+ 29. Rf2 Rxf2+ 30. Kxf2 Rh2+ 31. Ke3 Rxb2 32. Ne4 f6 33. Bb1 Nd5+ 34. Kd4 Nf4 35. Kc5 Nfd3+ 36. Kd5 Re2 37. Bxd3 1-0

[Event "C'Chartres Blitz op April"]
[Site "Europe Echecs INT"]
[Date "2021.04.10"]
[Round "4"]
[White "Douchez, Tony"]
[Black "Alfano, Emilie"]
[Result "1/2-1/2"]
[WhiteElo "1674"]
[BlackElo "1621"]
[PlyCount "162"]
[EventDate "2021.04.10"]
[EventType "swiss (blitz)"]
[EventRounds "11"]
[EventCountry "FRA"]
[SourceTitle "CBM 201 Extra"]
[Source "ChessBase"]
[SourceDate "2021.05.31"]
[SourceVersion "1"]
[SourceVersionDate "2021.05.31"]
[SourceQuality "1"]

1. e4 e5 2. Nf3 Nc6 3. Bc4 Bc5 4. c3 Nf6 5. d3 0-0 6. a4 a6 7. Nbd2 d6 8. 0-0 Ba7 9. Re1 Be6 10. Bxe6 fxe6 11. Nf1 Qe7 12. Ng3 Rae8 13. Be3 Bxe3 14. fxe3 d5 15. exd5 exd5 16. e4 Qd7 17. Qb3 b6 18. Rad1 Kh8 19. Kh1 d4 20. cxd4 Nxd4 21. Nxd4 Qxd4 22. Qc4 Qxb2 23. h3 Qd4 24. Qc2 c5 25. Rb1 Qd6 26. Qc4 a5 27. Red1 Nd7 28. Nf5 Qg6 29. Qd5 Qe6 30. Qxe6 Rxe6 31. Rb3 g6 32. Ng3 Rd6 33. Kg1 Nf6 34. Ne2 Nh5 35. Nc1 Nf4 36. Kh2 Rfd8 37. Rd2 c4 38. Rb5 cxd3 39. Rxe5 Kg7 40. Re7+ Kf6 41. Rxh7 Nh5 42. Rc7 Nf4 43. Rc3 Ke5 44. g3 Nh5 45. Rcxd3 Rxd3 46. Rxd3 Rxd3 47. Nxd3+ Kxe4 48. Nb2 Nf6 49. h4 Kd4 50. Kh3 Ke4 51. g4 Kf4 52. Nd3+ Ke4 53. Nf2+ Kf3 54. Nd3 Nxg4 55. Nb2 Ne5 56. Nd1 Ke2 57. Nc3+ Kd3 58. Nd5 Nd7 59. Ne7 Ne5 60. Kg3 Kc4 61. Kf4 Nf7 62. Nxg6 Kb4 63. Ne5 Kxa4 64. Nxf7 b5 65. h5 b4 66. h6 b3 67. h7 b2 68. h8Q b1Q 69. Qa8 Qf1+ 70. Ke3 Qe1+ 71. Kd4 Qd2+ 72. Ke5 Qe3+ 73. Kf6 Qf4+ 74. Kg6 Qg4+ 75. Kf6 Qf4+ 76. Ke6 Qe3+ 77. Kf6 Qf2+ 78. Kg6 Qg1+ 79. Kf6 Qf1+ 80. Ke6 Qc4+ 81. Kf6 Qf4+ 1/2-1/2

[Event "C'Chartres Blitz op April"]
[Site "Europe Echecs INT"]
[Date "2021.04.10"]
[Round "5"]
[White "Lapperriere, Romuald"]
[Black "Douchez, Tony"]
[Result "0-1"]
[WhiteElo "1275"]
[BlackElo "1674"]
[PlyCount "50"]
[EventDate "2021.04.10"]
[EventType "swiss (blitz)"]
[EventRounds "11"]
[EventCountry "FRA"]
[SourceTitle "CBM 201 Extra"]
[Source "ChessBase"]
[SourceDate "2021.05.31"]
[SourceVersion "1"]
[SourceVersionDate "2021.05.31"]
[SourceQuality "1"]

1. d4 d5 2. c4 c6 3. Nf3 Nf6 4. cxd5 cxd5 5. Nc3 Nc6 6. e3 e6 7. Bb5 Bd7 8. 0-0 Bd6 9. b3 0-0 10. a4 Rc8 11. Bxc6 Bxc6 12. Nb5 Bxb5 13. axb5 Qb6 14. Qe2 Rc7 15. Bd2 Rc2 16. Rfc1 Rfc8 17. Qe1 Qxb5 18. Rxc2 Rxc2 19. Rxa7 h6 20. Ra8+ Kh7 21. Qd1 Qd3 22. Rd8 Bb4 23. Qb1 Bxd2 24. Nxd2 Qxd2 25. Rc8 Qxf2+ 0-1

[Event "C'Chartres Blitz op April"]
[Site "Europe Echecs INT"]
[Date "2021.04.10"]
[Round "1"]
[White "Sonis, Francesco"]
[Black "Douchez, Tony"]
[Result "1-0"]
[WhiteElo "2493"]
[BlackElo "1674"]
[PlyCount "49"]
[EventDate "2021.04.10"]
[EventType "swiss (blitz)"]
[EventRounds "11"]
[EventCountry "FRA"]
[SourceTitle "CBM 201 Extra"]
[Source "ChessBase"]
[SourceDate "2021.05.31"]
[SourceVersion "1"]
[SourceVersionDate "2021.05.31"]
[SourceQuality "1"]

1. d4 d5 2. c4 c6 3. Nc3 e6 4. e4 dxe4 5. Nxe4 Nf6 6. Nxf6+ Qxf6 7. Nf3 Bb4+ 8. Bd2 Bxd2+ 9. Qxd2 0-0 10. Bd3 g6 11. h4 h5 12. Qe3 Nd7 13. Rd1 Re8 14. Ne5 Nxe5 15. dxe5 Qg7 16. g4 hxg4 17. h5 gxh5 18. Rxh5 Kf8 19. Qc5+ Kg8 20. Bh7+ Qxh7 21. Rxh7 Kxh7 22. Ke2 Rg8 23. Qe7 Rg7 24. Rh1+ Kg8 25. Qe8# 1-0

[Event "Cappelle Online Bullet op"]
[Site "Europe Echecs INT"]
[Date "2021.03.05"]
[Round "8"]
[White "Douchez, Tony"]
[Black "Ludwiczak, Virginie"]
[Result "1-0"]
[WhiteElo "1674"]
[BlackElo "1882"]
[PlyCount "115"]
[EventDate "2021.03.05"]
[EventType "swiss (blitz)"]
[EventRounds "15"]
[EventCountry "FRA"]
[SourceTitle "EXT 2022"]
[Source "ChessBase"]
[SourceDate "2021.10.06"]
[SourceVersion "1"]
[SourceVersionDate "2021.10.06"]
[SourceQuality "1"]

1. e4 e6 2. d4 d5 3. Bd3 dxe4 4. Bxe4 Nf6 5. Bf3 Nc6 6. Ne2 Bd6 7. Nbc3 0-0 8. 0-0 a6 9. Ng3 Bd7 10. Bg5 h6 11. Bxf6 Qxf6 12. Nce4 Qe7 13. Nxd6 cxd6 14. c3 d5 15. Re1 Rac8 16. Bxd5 Qd6 17. Bf3 Ne7 18. Qe2 Rfe8 19. Ne4 Qc7 20. Nc5 Bc6 21. Bxc6 Qxc6 22. Qe4 Qb6 23. Rab1 Nd5 24. c4 Nb4 25. a3 Nc6 26. Red1 Rcd8 27. Na4 Qa5 28. Nc3 Qg5 29. Qe3 Qg6 30. Qe4 Qg5 31. Qe3 Qf6 32. Qf3 Nxd4 33. Qxf6 gxf6 34. Ne4 Ne2+ 35. Kf1 Rxd1+ 36. Rxd1 Nf4 37. Nxf6+ Kf8 38. Nxe8 Kxe8 39. g3 Ng6 40. Rd4 Ne5 41. Re4 Nc6 42. Rf4 Ke7 43. Rh4 h5 44. Rxh5 f6 45. Rh8 Kd6 46. h4 Kc5 47. h5 Ne5 48. h6 Nf7 49. Rf8 Nxh6 50. Rh8 Ng4 51. Rh7 f5 52. Rc7+ Kd4 53. Rd7+ Ke5 54. c5 b6 55. c6 Nf6 56. c7 Nxd7 57. c8Q Kd6 58. Qc5+ 1-0

[Event "Cappelle Online Bullet op"]
[Site "Europe Echecs INT"]
[Date "2021.03.05"]
[Round "10"]
[White "Douchez, Tony"]
[Black "Maugenest, Ghislain"]
[Result "1-0"]
[WhiteElo "1674"]
[BlackElo "2052"]
[PlyCount "115"]
[EventDate "2021.03.05"]
[EventType "swiss (blitz)"]
[EventRounds "15"]
[EventCountry "FRA"]
[SourceTitle "EXT 2022"]
[Source "ChessBase"]
[SourceDate "2021.10.06"]
[SourceVersion "1"]
[SourceVersionDate "2021.10.06"]
[SourceQuality "1"]

1. e4 e5 2. Nf3 Nc6 3. Bc4 Bc5 4. c3 Nf6 5. d3 0-0 6. a4 d5 7. exd5 Nxd5 8. b4 Bb6 9. b5 Na5 10. Nxe5 Nxc4 11. Nxc4 Re8+ 12. Be3 Bxe3 13. fxe3 Nxe3 14. Nxe3 Rxe3+ 15. Kf2 Rxd3 16. Qe2 Bf5 17. Nd2 Qh4+ 18. g3 Qf6 19. Nf3 h6 20. Rhf1 Rad8 21. Kg1 Qb6+ 22. Kh1 Bg6 23. Rae1 Kh7 24. Ne5 Qd6 25. Nxd3 Bxd3 26. Qf2 Bxf1 27. Rxf1 Qd5+ 28. Kg1 Rd7 29. Qf5+ Qxf5 30. Rxf5 Kg6 31. Rc5 Kf6 32. Kf2 Ke6 33. Ke3 Kd6 34. Rf5 Re7+ 35. Kd4 g6 36. Rf6+ Kd7 37. c4 Ke8 38. Kd5 Rd7+ 39. Kc5 Rd2 40. a5 Rxh2 41. a6 b6+ 42. Kc6 Rc2 43. Kb7 Rxc4 44. Kxa7 Ke7 45. Rc6 Rb4 46. Kb7 Rxb5 47. a7 Ra5 48. Rxc7+ Kd6 49. Rc6+ Kd5 50. a8Q Rxa8 51. Rf6 Ra5 52. Rxf7 Ke4 53. Rc7 Kf3 54. Re7 Kxg3 55. Rf7 Kh4 56. Rc7 Kg5 57. Rc6 Rc5 58. Rc7 1-0

[Event "FRA-ch Blitz Online Qual"]
[Site "Europe Echecs INT"]
[Date "2020.05.16"]
[Round "8"]
[White "Abiven, Pierre Louis"]
[Black "Douchez, Tony"]
[Result "0-1"]
[WhiteElo "1200"]
[BlackElo "1630"]
[PlyCount "106"]
[EventDate "2020.05.16"]
[EventType "swiss (blitz)"]
[EventRounds "15"]
[EventCountry "FRA"]
[SourceTitle "CBM 196 Extra"]
[Source "ChessBase"]
[SourceDate "2020.07.31"]
[SourceVersion "1"]
[SourceVersionDate "2020.07.31"]
[SourceQuality "1"]

1. e4 e5 2. Nf3 Nc6 3. Bc4 Bc5 4. d3 Nf6 5. Nc3 d6 6. Nd5 Nxd5 7. Bxd5 h6 8. h3 0-0 9. 0-0 Qf6 10. a4 Rb8 11. c3 a5 12. Be3 Ne7 13. Bxc5 Nxd5 14. exd5 dxc5 15. Re1 Re8 16. d4 cxd4 17. cxd4 e4 18. Nd2 Qg6 19. Kh2 Qd6+ 20. Kg1 Qxd5 21. Qb3 Qxd4 22. Qc3 Qxc3 23. bxc3 f5 24. Nc4 b6 25. f3 Ba6 26. Nd2 Rbd8 27. Nb3 exf3 28. gxf3 Kf7 29. Nd4 Kf6 30. Nc6 Rxe1+ 31. Rxe1 Rd3 32. Nb8 Bb7 33. Rc1 Rxf3 34. Kg2 Rxc3+ 35. Kf2 Rxc1 36. Nd7+ Ke7 37. Ne5 Rc2+ 38. Ke3 Rc3+ 39. Kd4 Rxh3 40. Ng6+ Kf6 41. Nf4 Rh4 42. Ke3 Rxf4 43. Kxf4 Bc6 44. Ke3 Bxa4 45. Kf3 Bd7 46. Kg3 a4 47. Kf3 a3 48. Ke3 a2 49. Kd3 a1Q 50. Ke3 Qe5+ 51. Kf2 Bc6 52. Kg1 Qg3+ 53. Kf1 Bb5# 0-1

[Event "FRA-ch Blitz Online Qual"]
[Site "Europe Echecs INT"]
[Date "2020.05.16"]
[Round "9"]
[White "Douchez, Tony"]
[Black "Evrin, Selvam"]
[Result "0-1"]
[WhiteElo "1630"]
[BlackElo "1882"]
[PlyCount "72"]
[EventDate "2020.05.16"]
[EventType "swiss (blitz)"]
[EventRounds "15"]
[EventCountry "FRA"]
[SourceTitle "CBM 196 Extra"]
[Source "ChessBase"]
[SourceDate "2020.07.31"]
[SourceVersion "1"]
[SourceVersionDate "2020.07.31"]
[SourceQuality "1"]

1. e4 c5 2. Nf3 d6 3. d4 cxd4 4. Nxd4 Nf6 5. f3 g6 6. c4 Bg7 7. Nc3 0-0 8. Be3 Nc6 9. Be2 Bd7 10. 0-0 a6 11. b3 Rc8 12. Qd2 Ne5 13. Rfd1 Rb8 14. Rac1 Re8 15. Kh1 Qa5 16. Rc2 b5 17. cxb5 axb5 18. Rdc1 b4 19. Nd1 d5 20. Rc5 Qa8 21. Bf4 Nh5 22. exd5 Nxf4 23. Qxf4 Qxa2 24. Ne3 Qa8 25. Rc7 Rbc8 26. Rxc8 Rxc8 27. Bc4 g5 28. Qg3 Nxc4 29. bxc4 Bxd4 30. Qxg5+ Bg7 31. Nf5 Bxf5 32. Qxf5 b3 33. Qb1 b2 34. Rc2 Qa1 35. Rc1 bxc1Q+ 36. Qxc1 Qxc1# 0-1

[Event "FRA-ch Blitz Online Qual"]
[Site "Europe Echecs INT"]
[Date "2020.05.16"]
[Round "14"]
[White "Meillon, Judicael"]
[Black "Douchez, Tony"]
[Result "0-1"]
[WhiteElo "2063"]
[BlackElo "1630"]
[PlyCount "116"]
[EventDate "2020.05.16"]
[EventType "swiss (blitz)"]
[EventRounds "15"]
[EventCountry "FRA"]
[SourceTitle "CBM 196 Extra"]
[Source "ChessBase"]
[SourceDate "2020.07.31"]
[SourceVersion "1"]
[SourceVersionDate "2020.07.31"]
[SourceQuality "1"]

1. e4 e5 2. f4 exf4 3. Nf3 Ne7 4. d4 d5 5. Nc3 dxe4 6. Nxe4 Ng6 7. Bd3 Nc6 8. 0-0 Bd6 9. Nxd6+ Qxd6 10. Re1+ Be6 11. c3 0-0 12. Qd2 Bg4 13. Bxg6 fxg6 14. Ne5 Nxe5 15. Rxe5 Rae8 16. Rxe8 Rxe8 17. h3 Bf5 18. Qxf4 Re1+ 19. Kf2 Qxf4+ 20. Bxf4 Rxa1 21. g4 Bd7 22. Ke2 Rxa2 23. Bc1 h5 24. gxh5 gxh5 25. h4 a5 26. Kd3 Ra1 27. Kc2 Rxc1+ 28. Kxc1 g5 29. Kd2 gxh4 30. Ke3 Kf7 31. Kf4 Ke6 32. c4 Kd6 33. Ke4 h3 34. Kf3 h4 35. Kf2 c5 36. d5 Bf5 37. Kf1 Bd3+ 38. Kg1 Bxc4 39. b4 a4 40. Kf2 a3 41. Ke3 cxb4 42. Kd4 Bxd5 43. Ke3 h2 44. Kd4 h1Q 45. Kd3 Qe4+ 46. Kd2 Bc4 47. Kd1 Bb3+ 48. Kd2 Qc2+ 49. Ke3 Ba2 50. Kf4 b3 51. Ke3 h3 52. Kf4 h2 53. Kg3 h1Q 54. Kf4 Qe1 55. Kg4 Qg2+ 56. Kf4 Qgf2+ 57. Kg4 Qeg1+ 58. Kh3 Qfh2# 0-1

[Event "FRA-ch Blitz Online Qual"]
[Site "Europe Echecs INT"]
[Date "2020.05.16"]
[Round "10"]
[White "Zanin, Sylvie"]
[Black "Douchez, Tony"]
[Result "0-1"]
[WhiteElo "1001"]
[BlackElo "1630"]
[PlyCount "106"]
[EventDate "2020.05.16"]
[EventType "swiss (blitz)"]
[EventRounds "15"]
[EventCountry "FRA"]
[SourceTitle "CBM 196 Extra"]
[Source "ChessBase"]
[SourceDate "2020.07.31"]
[SourceVersion "1"]
[SourceVersionDate "2020.07.31"]
[SourceQuality "1"]

1. e4 e5 2. Nf3 Nc6 3. Bc4 Bc5 4. d3 Nf6 5. Nc3 d6 6. h3 h6 7. g4 Na5 8. Bd5 Nxd5 9. Nxd5 c6 10. Nc3 b5 11. a3 Qb6 12. Be3 Bxe3 13. fxe3 Qxe3+ 14. Qe2 Qxe2+ 15. Kxe2 Be6 16. b4 Nb7 17. a4 0-0 18. axb5 Rfc8 19. g5 cxb5 20. Nxb5 Rxc2+ 21. Ke3 Rb2 22. gxh6 gxh6 23. Nc7 Rc8 24. Nxe6 fxe6 25. Rhg1+ Kf7 26. Rxa7 Rxb4 27. Nh4 Rg8 28. Rxg8 Kxg8 29. Ng6 Kf7 30. Nh4 Kf6 31. Ra8 Rb3 32. Rh8 Nc5 33. Rxh6+ Kg7 34. Rg6+ Kf7 35. Rh6 Rxd3+ 36. Ke2 Rxh3 37. Rh7+ Kg8 38. Ra7 Rxh4 39. Ra8+ Kf7 40. Ra7+ Kf6 41. Rc7 Rxe4+ 42. Kf3 Rf4+ 43. Ke3 Ne4 44. Rc8 Ng5 45. Rh8 Ra4 46. Rh6+ Kf5 47. Rh5 e4 48. Rh8 Ra3+ 49. Ke2 e3 50. Rf8+ Ke4 51. Rg8 Ra2+ 52. Ke1 Kd3 53. Rxg5 Ra1# 0-1